00828nam a22002417a 450000500170000001000110001702000100002803500110003803700160004904000120006508200180007710000290009524500560012426000430018027000470022330000200027050000400029065000350033065000310036594200270039699900190042395201440044220170124105946.0 a734705 c00.00 a734705 bCen Lib/Ret aDPLbEN a336.0954bSEN aSengupta, Padmini912340 aThe story of women of India /cby Padmini Sengupta  aNew Delhi bIndian Book Company c1974 bNew Delhi e110001a36 C, connaught place  a273p.c21cm(Hb) aIncludes bibliographical references aWomen conditionzIndia 971811 aHistorical aspects 971812 2ddccENh336.0954mSEN c124904d124904 04104070aLbLd2015-06-18eCen Lib/Retg0.00l0o336.0954 SENp734705r2015-06-18 00:00:00t1v0.00w2015-06-18yENzW/d list no. 6818/2